| 000 | 00675cam a2200205 a 4500 | ||
|---|---|---|---|
| 020 | _a0073661872 | ||
| 040 | _cDLC | ||
| 082 | 0 | 0 | _a551 MCG 2002 A029 Or. |
| 100 | 1 | _aProthero, Donald R. | |
| 245 | 1 | 0 | _aEvolution of the earth / |
| 250 | _a6th ed. | ||
| 260 |
_aDubuque, Iowa : _bMcGraw-Hill, _c2002. |
||
| 300 |
_a1 v. (various pagings) : _bill. (some col.), maps (some col.) ; _c28 cm. |
||
| 500 | _aDott's name appears first on the previous ed. | ||
| 650 | 0 | _aHistorical geology. | |
| 700 | 1 | _aDott, Robert H., | |
| 856 | 4 | 2 | _uhttp://www.loc.gov/catdir/description/mh021/2001030813.html |
| 856 | 4 | 1 | _uhttp://www.loc.gov/catdir/toc/mh021/2001030813.html |
| 942 | _cEK | ||
| 999 |
_c11667 _d11667 |
||